| 000 | 00650nam a2200169 a 4500 | ||
|---|---|---|---|
| 001 | 000038707 | ||
| 005 | 20240228084930.0 | ||
| 008 | 130418s2008 dr ac r 000 0 spa d | ||
| 040 |
_aDO-SdBNP _bspa _cBNPHU |
||
| 082 |
_axxxx _bxxxx |
||
| 100 | 1 |
_aDe Jesús Reyes, José C. _965015 |
|
| 245 | 1 | 0 |
_aVivencias higüeyanas / _cJosé C. de Jesús Reyes ; prólogo Teófilo Lappot Robles. |
| 246 | 1 | 4 |
_aVivencias higüeyanas : _btestimonios sobre acontecimientos que ayer fueron noticias y que hoy son historia |
| 260 |
_aSanto Domingo : _bEdiciones, _c2008. |
||
| 300 |
_a234 p. : _bil., retrs. ; _c23 cm. |
||
| 700 | 1 |
_aLappot Robles, Teófilo, _d1957- _974151 |
|
| 999 |
_c38197 _d38197 |
||